Tom Hardy Movies* by Character (Slideshow) Quiz Stats

 Plays Quiz not verified by Sporcle

Also try: Famous Janes
Challenge
Share
Tweet
Score 0/20 Timer 10:00
0 Plays Today
% Correct
Mad Max: Fury Road
98.2%
Dark Knight Rises
98.2%
The Revenant
93.3%
Star Trek: Nemesis
90.3%
Inception
88.5%
Bronson
83%
Legend
76.4%
Locke
70.3%
Lawless
69.1%
Peaky Blinders
62.4%
% Correct
This Means War
62.4%
Warrior
61.8%
Wuthering Heights
60.6%
RocknRolla
60.6%
The Drop
60%
Child 44
57.6%
Black Hawk Down
52.1%
Tinker Tailor Soldier Spy
42.4%
Layer Cake
36.4%
Sucker Punch
20%

You're not logged in!

Compare scores with friends on all Sporcle quizzes.
Join for Free
OR
Log In

You Might Also Like...

Show Comments

Extras

Top Quizzes Today


Score Distribution

Your Account Isn't Verified!

In order to create a playlist on Sporcle, you need to verify the email address you used during registration. Go to your Sporcle Settings to finish the process.

Report this User

Report this user for behavior that violates our Community Guidelines.

Details: